[Event "Moscow Open RSSU Cup 2020"]
[Site "Moscow"]
[Date "2020.02.02"]
[Round "9.9"]
[White "Sychev, Klementy"]
[Black "Hayrapetyan, Hovik"]
[Result "1/2-1/2"]
[WhiteElo "2563"]
[BlackElo "2474"]
[Annotator "TA"]
[PlyCount "123"]
[EventDate "2020.01.25"]
[EventType "swiss"]
[EventCountry "RUS"]
[SourceTitle "playchess.com"]
[Source "ChessBase"]
[SourceQuality "1"]

{[%evp 12,123,34,27,83,83,87,81,88,86,86,71,86,50,44,-1638,62,62,445,41,57,45,52,54,84,62,57,0,0,0,0,0,0,0,0,0,3,0,0,0,7,0,0,0,11,0,0,0,0,0,0,0,17,18,20,0,0,0,0,0,0,0,0,0,18,0,0,-8,0,0,0,0,0,0,0,-1,-2,-37,-38,-56,-39,-39,-6,-39,-39,-39,0,0,0,0,0,0,0,0,0,0,0,0,0,0,0,0,0,0,0,0,0,0,0,0,0,0,0,0]} 1. e4 c5 2. Nf3 e6 3. d4 cxd4 4. Nxd4 a6 5. c4 Nf6 6. Nc3 Qc7 7. a3 g6 {B41: Sicilian: Kan Variation: 5 c4} (7... Nxe4 $11 8. Nxe4 Qe5) 8. Be2 $16 Bg7 9. O-O O-O {White is better.} 10. Be3 d6 11. Qd2 {[#]} b6 $146 ({Predecessor:} 11... Nbd7 12. Bh6 Nc5 13. Bxg7 Kxg7 14. Qf4 b6 15. b4 Ncd7 16. Qe3 Ne5 17. Rac1 Bb7 {1-0 (44) Fawzy,A (2436)-Nyaga,J (1767) Entebbe 2018}) 12. Bh6 Bxh6 13. Qf4 $2 {[%mdl 8192] [#]} (13. Qxh6 $14 Bb7 14. f3) 13... Bg5 $2 ({Black should try} 13... Bxf4 $19 14. Nf3 Bb7) 14. Qxg5 $14 Bb7 $2 {[%mdl 8192]} (14... Nbd7 $14) 15. Qe3 $2 (15. Qxf6 $18 Nd7 16. Qh4) 15... Nbd7 16. Rac1 Rfe8 17. Rfd1 Rac8 18. Nb3 Qb8 19. Qd4 (19. f4 $14) 19... d5 $1 $11 20. exd5 exd5 21. Re1 {[%cal Rc4d5]} dxc4 22. Bxc4 Ne5 23. Be2 $1 Rc6 24. Qh4 Kg7 25. Rcd1 Rd6 26. Rxd6 Qxd6 27. Rd1 Qe7 28. Qd4 Qe6 29. Nd2 Re7 30. h3 Rd7 31. Qe3 Nd5 32. Nxd5 Rxd5 33. Re1 Nd3 34. Bxd3 Rxd3 35. Qxe6 fxe6 {[%mdl 4096] Endgame KRB-KRN} 36. Nc4 b5 37. Ne5 Rd5 38. f3 h5 {next ...Kf6 is good for Black.} (38... Kf6 $5 39. Ng4+ $8 Ke7 $11) 39. Re3 Rd2 40. b4 Kf6 41. Nd3 Bd5 42. Kh2 g5 43. Nc5 Kf5 44. Kg3 (44. h4 $5) 44... Rc2 45. Nxa6 Bc4 46. Re1 $1 Ra2 {[%mdl 1024] Black has compensation.} 47. Nc5 h4+ 48. Kh2 Bd5 {[#] White must now prevent ...Bxf3.} 49. Re3 {The position is equal.} Bc4 {With the idea ...Bf1.} 50. Kg1 Ra1+ 51. Kh2 Ra2 {...Bf1 is the strong threat.} 52. Kg1 Ra1+ 53. Kh2 Ra2 {Threatens to win with ...Bf1.} 54. Kg1 Ra1+ 55. Kh2 Ra2 56. Kg1 Ra1+ 57. Kh2 Ra2 {Hoping for ...Bf1.} 58. Kg1 Ra1+ 59. Kh2 Ra2 {And now ...Bf1 would win.} 60. Kg1 Ra1+ 61. Kh2 Ra2 {aiming for ...Bf1.} 62. Kg1 {Accuracy: White = 81%, Black = 84%.} 1/2-1/2

[Event "Moscow Open RSSU Cup 2020"]
[Site "Moscow"]
[Date "2020.02.02"]
[Round "9.10"]
[White "Khegay, Dmitriy"]
[Black "Mokshanov, Alexey"]
[Result "1-0"]
[WhiteElo "2533"]
[BlackElo "2449"]
[Annotator "TA"]
[PlyCount "101"]
[EventDate "2020.01.25"]
[EventType "swiss"]
[EventCountry "RUS"]
[SourceTitle "playchess.com"]
[Source "ChessBase"]
[SourceQuality "1"]

{[%evp 16,101,0,0,4,0,0,0,0,0,14,8,13,0,18,17,22,0,0,-14,-14,-21,-18,-13,-14,-55,-34,-40,-45,-29,0,0,0,0,0,0,0,0,0,0,0,0,29,28,95,85,82,50,55,48,71,76,77,73,83,62,89,91,108,99,157,154,183,171,207,35,291,288,283,286,284,262,276,256,269,303,303,295,300,294,473,474,488,462,625,649,634,616]} 1. e4 e6 2. d4 d5 3. e5 c5 4. c3 Nc6 {[%cal Bb8c6,Bc6a5,Ba5b3][%mdl 32]} 5. Nf3 Qb6 6. a3 c4 7. Nbd2 Na5 8. Rb1 Bd7 9. Be2 Ne7 {C02: French: Advance Variation} 10. h4 Qc7 11. h5 h6 {The position is equal.} 12. Nf1 {[#]} Nb3 $146 ({Predecessor:} 12... Nc8 13. Bf4 Nb6 14. Qd2 Ba4 15. g4 O-O-O 16. Ng3 Be7 17. Kf1 Kb8 18. Kg2 Ka8 {1-0 (64) Khegay,D (2504)-Stupak,K (2529) Almaty 2019}) 13. Bf4 Ba4 14. N1d2 O-O-O 15. Nxb3 Bxb3 16. Qd2 Kb8 17. Nh4 g5 18. hxg6 $1 fxg6 {White must now prevent ...g5.} 19. Nf3 Bg7 20. Nh2 g5 21. Be3 Nf5 22. Bh5 $1 Rdf8 23. O-O Ba4 24. g4 Ne7 25. f4 gxf4 26. Rxf4 Rxf4 27. Bxf4 Qc8 28. Nf1 Be8 29. Ng3 Ng6 (29... Bf8 $11 {remains equal.}) 30. Rf1 Qd8 31. Qc2 Nxf4 32. Rxf4 Qg5 33. Qf2 Bd7 34. Kg2 a6 35. Kh3 Ka7 36. Ne2 Ba4 37. Kg3 Bd7 {[#]} ({Black should try} 37... Rc8) 38. Ng1 $1 $16 {Hoping for Rf7.} Qd8 39. Rf7 Rg8 {[#]} 40. Bg6 $2 (40. Nh3 $1 $18) 40... Bf8 $2 {[%mdl 8192]} (40... h5 $14) 41. Bh7 $18 Rh8 {Black wants to play ...Be7.} 42. Qf6 Qxf6 43. exf6 Be8 {[#]} 44. Rg7 $1 {[%mdl 512]} Bd6+ (44... Bxg7 45. fxg7) 45. Kg2 Rf8 46. Rg8 Kb6 47. Nf3 Ba4 $2 (47... Rxg8 {was worth a try.} 48. Bxg8 Bf4 49. Bxe6 Kc6) 48. Rxf8 {White is clearly winning.} Bxf8 49. Ne5 Kc7 50. Ng6 Bd6 {Now ...Bc2 and Black clings on.} 51. f7 {Accuracy: White = 88%, Black = 69%.} 1-0

[Event "Moscow Open RSSU Cup 2020"]
[Site "Moscow"]
[Date "2020.02.02"]
[Round "9.11"]
[White "Airapetian, Gor"]
[Black "Triapishko, Alexandr"]
[Result "1-0"]
[WhiteElo "2444"]
[BlackElo "2510"]
[Annotator "TA"]
[PlyCount "81"]
[EventDate "2020.01.25"]
[EventType "swiss"]
[EventCountry "RUS"]
[SourceTitle "playchess.com"]
[Source "ChessBase"]
[SourceQuality "1"]

{[%evp 22,81,25,24,21,34,47,54,68,60,54,14,57,28,64,0,0,-6,0,0,0,0,0,-10,0,-10,28,-193,-182,-189,-184,-183,20,12,16,16,17,0,12,7,301,308,183,242,375,400,385,246,578,566,600,583,879,812,770,749,29983,29984,29983,29984,29983,29978]} 1. d4 d5 2. c4 c6 3. Nf3 Nf6 4. e3 e6 5. Nc3 Nbd7 6. Qc2 Bd6 7. Bd3 dxc4 8. Bxc4 O-O 9. O-O b5 10. Be2 Bb7 11. Rd1 Qc7 12. e4 {Hoping for e5.} e5 {D46: Semi-Slav: 5 e3 Nbd7 6 Bd3, Black avoids the Meran} 13. Bg5 {[#]} Rad8 $146 ({Predecessor:} 13... Rfe8 14. dxe5 Nxe5 15. Bxf6 Nxf3+ 16. Bxf3 gxf6 17. g3 Rad8 18. Rac1 a6 19. Bg4 Qe7 20. Bf5 {½-½ (35) Roselli Mailhe,B (2454)-Mareco,S (2651) Montevideo 2019}) 14. Rac1 Qb8 {White is slightly better.} 15. dxe5 Nxe5 16. Nd4 Bc8 17. h3 a6 18. Be3 (18. Kh1 $14) 18... c5 $11 19. Nb3 c4 20. Nd4 $1 Bb7 21. Nf5 Bb4 22. f3 Rfe8 23. b3 g6 (23... Bc8 {keeps more tension.} 24. Nd4 Bc5 25. bxc4 bxc4 26. Na4 Ba7) 24. Bg5 $2 (24. Nh6+ $11 Kg7 25. bxc4) 24... gxf5 $19 25. Bxf6 {[#]} Rxd1+ $1 26. Rxd1 {[#]} Bxe4 $2 ({Black should play} 26... fxe4 $1 $19 27. fxe4 Qc7) 27. fxe4 $11 Qb6+ 28. Kh1 {Nd5 is the strong threat.} Bxc3 $1 ({Don't play} 28... Qxf6 $6 29. Nd5 $16) 29. Bg5 $36 {[%mdl 2048] White is pushing.} b4 30. exf5 Qf2 $2 {[%mdl 8192]} (30... h6 $11 {and Black stays safe.} 31. Bf4 Nd3 32. Bxd3 cxd3 33. Rxd3 (33. Qxd3 Qf2 $11) 33... Re1+ 34. Kh2 h5 35. Rg3+ Kf8 36. Rxc3 bxc3 37. Qxc3 Rd1) 31. Qe4 $18 cxb3 32. axb3 Qg3 (32... a5 $142 33. f6 Rc8) 33. Bh4 Qg7 34. Bxa6 Qf8 $2 (34... f6 35. Rd6 Rf8 36. Qd5+ Kh8) 35. Bb5 Rb8 36. Bf6 Ng6 37. Bxc3 bxc3 38. fxg6 Rxb5 39. gxf7+ {White mates.} Qxf7 40. Qg4+ Qg6 41. Qc4+ {[%mdl 64] Double Attack. Accuracy: White = 68%, Black = 48%.} 1-0

[Event "Moscow Open RSSU Cup 2020"]
[Site "Moscow"]
[Date "2020.02.02"]
[Round "9.12"]
[White "Zakhartsov, Vladimir"]
[Black "Suleymenov, Alisher"]
[Result "1-0"]
[WhiteElo "2507"]
[BlackElo "2382"]
[Annotator "TA"]
[PlyCount "69"]
[EventDate "2020.01.25"]
[EventType "swiss"]
[EventCountry "RUS"]
[SourceTitle "playchess.com"]
[Source "ChessBase"]
[SourceQuality "1"]

{[%evp 12,71,33,34,54,43,52,41,81,79,106,87,97,111,135,80,127,102,115,103,165,163,301,336,330,335,329,320,359,334,375,375,349,339,472,467,831,834,1413,1396,1185,498,1346,781,874,876,1514,1504,1490,5277,5269,1458,29993,29994,29994,29995,29995,29996,29996,29993,29993,29994]} 1. d4 Nf6 2. c4 g6 3. Nc3 Bg7 4. e4 d6 5. h3 O-O 6. Be3 Na6 7. Nf3 Qe8 {E90: King's Indian: Classical: Early deviations and 6 h3.} 8. Bd3 e5 9. O-O Nh5 {White is slightly better.} 10. Re1 c6 {[#]} 11. Rc1 $146 ({Predecessor:} 11. Bf1 b6 12. a3 c5 13. dxe5 dxe5 14. Nd5 f5 15. exf5 gxf5 16. Nxe5 Bxe5 17. Bh6 Nb8 18. Bxf8 Kxf8 19. Nc7 Qe7 20. Nxa8 Nf4 21. Rxe5 {1-0 (21) Barsov,A (2539)-Rantanen,Y (2358) Hoogeveen 1999}) 11... h6 12. a3 Nf4 13. b4 (13. Bxf4 $142 exf4 14. Qd2) 13... Qe7 14. Bb1 g5 15. Ne2 {[%cal Bc3e2,Be2g3,Bg3f5][%mdl 32]} h5 (15... Nxe2+ $16 {keeps fighting.} 16. Qxe2 (16. Rxe2 g4 $14) 16... Bd7) 16. Ng3 $18 g4 (16... Rd8 $142 17. Bxf4 gxf4) 17. Nf5 Bxf5 18. exf5 gxf3 19. Bxf4 $1 {[%mdl 64] [#] Pin} Qh4 20. Bg3 Qg5 {Hoping for ...h4.} 21. h4 Qh6 22. Qxf3 ({Don't take} 22. dxe5 dxe5 23. Qxf3 Rfd8 $18) 22... Rae8 23. c5 dxc5 (23... e4 $142 24. Bxe4 d5) 24. dxe5 Rxe5 25. Bxe5 Bxe5 26. bxc5 (26. Rxe5 $142 Qxc1+ {[%mdl 64] Double Attack} 27. Kh2) 26... Kh8 (26... Bf6 $142 27. Bd3 Nb8 28. Qg3+ Kh8) 27. Bd3 Bf4 28. Rc4 Bb8 29. f6 Rg8 30. Rce4 {Threatening mate with Re8.} Nxc5 31. Re8 (31. Re5 $142 Bxe5 32. Rxe5 {[%mdl 64] Double Attack}) 31... Bd6 32. Rxg8+ {White mates.} Kxg8 33. Re8+ Bf8 34. Qg3+ Kh8 {[#]} 35. Qf4 {Played: Qg3-e3} 1-0

[Event "Moscow Open RSSU Cup 2020"]
[Site "Moscow"]
[Date "2020.02.02"]
[Round "9.14"]
[White "Bodnaruk, Anastasia"]
[Black "Potapova, Margarita"]
[Result "1/2-1/2"]
[WhiteElo "2411"]
[BlackElo "2300"]
[Annotator "TA"]
[PlyCount "69"]
[EventDate "2020.01.25"]
[EventType "swiss"]
[EventCountry "RUS"]
[SourceTitle "playchess.com"]
[Source "ChessBase"]
[SourceQuality "1"]

{[%evp 12,69,16,6,33,25,10,10,26,15,13,8,7,10,2,-2,12,0,0,0,0,0,0,0,0,-11,0,0,0,-10,-16,-7,0,-12,-14,-25,-14,-46,-14,-16,-9,-27,-14,-31,0,0,0,0,0,-32,22,19,169,0,0,0,172,0,0,0]} 1. e4 c5 2. Nf3 d6 3. d4 cxd4 4. Nxd4 Nf6 5. Nc3 a6 6. h3 e5 7. Nde2 h5 {B90: Sicilian Najdorf: Unusual White 6th moves, 6 Be3 Ng4 and 6 Be3 e5} 8. g3 Be6 9. Bg2 Nbd7 {[%mdl 4] 9...b5 is the modern continuation.} 10. Be3 b5 11. Nd5 Nxd5 12. exd5 Bf5 13. O-O Be7 14. f4 {[#] Black must now prevent fxe5.} Rc8 15. c3 {aiming for fxe5.} Bh7 16. a4 O-O 17. axb5 axb5 {[#]} 18. fxe5 $146 ({Predecessor:} 18. Ra6 exf4 19. Nxf4 h4 20. Bd4 Ne5 21. Nh5 Bg6 22. Nf4 Bh7 23. Nh5 Bg6 24. Nf4 {½-½ (24) Vachier Lagrave,M (2804)-Giri,A (2771) London 2016}) 18... dxe5 19. d6 Bg5 20. Qd2 Bxe3+ $1 21. Qxe3 Qb6 22. Qxb6 Nxb6 23. Rfd1 Rfd8 24. Ra7 Nc4 25. d7 Rb8 $1 26. Rd5 f6 $1 27. Rc5 Nxb2 28. g4 $1 $36 {[%mdl 2048] White has some pressure.} hxg4 29. hxg4 Kf8 30. Ng3 (30. g5 $5) 30... Ke7 (30... Nd3 $15 31. Rcc7 Bg6) 31. Rc8 $11 {Strongly threatening Nh5.} Kd6 (31... Na4 $11 {and Black is okay.}) 32. Rc6+ {[%mdl 1024] White has strong compensation.} Ke7 33. Rc8 Kd6 34. Rc6+ $2 {[#]} ({White must play} 34. Rac7 $18 {Be4 is the strong threat.} Rb6 35. Rxd8 Kxc7 36. Rh8) 34... Ke7 35. Rc8 {Accuracy: White = 91%, Black = 72%.} 1/2-1/2

[Event "Moscow Open RSSU Cup 2020"]
[Site "Moscow"]
[Date "2020.02.02"]
[Round "9.15"]
[White "Voit, Daria"]
[Black "Kochukova, Anna"]
[Result "1-0"]
[WhiteElo "2336"]
[BlackElo "1986"]
[Annotator "TA"]
[PlyCount "139"]
[EventDate "2020.01.25"]
[EventType "swiss"]
[EventCountry "RUS"]
[SourceTitle "playchess.com"]
[Source "ChessBase"]
[SourceQuality "1"]

{[%evp 12,139,50,24,28,8,35,18,27,4,35,-26,88,-92,-77,-80,-77,-103,-100,-110,-57,-65,-75,-102,-57,-143,-69,-297,-292,-298,-281,-324,-266,-362,-353,-293,-181,-177,-170,-226,-35,-39,-47,-27,-29,-331,221,221,222,193,237,214,309,195,312,308,285,-112,-104,-99,-104,-97,-88,-112,-84,-131,-56,-63,-56,-62,-69,-63,-98,-91,-37,-62,-31,-41,0,-29,-35,-62,-37,-43,-47,-189,-163,-156,-190,-162,-162,-163,-154,-162,-91,-101,-99,-135,-142,-248,-243,-310,0,0,0,0,0,0,14,14,13,0,0,0,89,90,110,0,0,0,132,0,0,0,29986,29987,29987,29988,29988,29989]} 1. e4 c5 2. c3 e6 3. d4 d5 4. exd5 Qxd5 5. Nf3 Nf6 6. Na3 Qd8 7. Bf4 Nc6 {B22: Sicilian: 2 c3} 8. Bb5 {[#]} Be7 $146 ({Predecessor:} 8... cxd4 9. Ne5 Bxa3 10. Nxc6 bxc6 11. Bxc6+ Bd7 12. Bxa8 Qxa8 13. O-O Bxb2 14. Rb1 dxc3 {½-½ (29) Stebunov,A (1945)-Oshukov,A (2093) Petrozavodsk 2011}) 9. dxc5 Nd5 {The position is equal.} 10. Be5 f6 11. c4 (11. Bd6 $1 $14) 11... Qa5+ (11... fxe5 $11 {remains equal.} 12. cxd5 exd5 13. Nxe5 O-O) 12. Kf1 $2 (12. Nd2 $1 $16 {is necessary to keep the advantage.} fxe5 13. cxd5 exd5 14. Qh5+ g6 15. Qxe5 {[%mdl 64] Double Attack}) 12... Ne3+ $1 $17 13. fxe3 fxe5 14. Qe1 Qc7 $1 15. Bxc6+ bxc6 (15... Qxc6 $17 16. Qe2 O-O) 16. Qg3 $1 $15 {[%cal Rg3g7]} O-O {[%mdl 1024] Black has compensation.} 17. Ke2 Qb7 18. b3 (18. Qxe5 $15 Bf6 19. Qe4) 18... e4 $1 $36 {[%mdl 2048] Black has the initiative.} (18... Bxc5 $6 19. Nc2 $11) 19. Nd2 $2 ({White must play} 19. Ne5 $15) 19... Qb4 $1 $19 {[%cal Rb4c5]} (19... Bxc5 20. Nc2 $17) 20. Nc2 Qc3 (20... Qxc5 21. Kd1 $17) 21. Rac1 Qd3+ 22. Ke1 {and if Nb4 works, White does fine.} Bxc5 23. Rf1 {intending Rxf8+.} Rxf1+ 24. Nxf1 Qc3+ $1 25. Ke2 {[#]} (25. Kf2 $142) 25... Ba3 $1 {[%mdl 512]} 26. Rd1 $1 $15 (26. Nxa3 Qxc1) 26... Qxc2+ {[%mdl 64] Double Attack} 27. Rd2 Qc3 28. Qc7 $2 {[%mdl 8192]} (28. Rd8+ $11 Bf8 29. Qc7) 28... Bf8 $4 {[%mdl 8192]} (28... Ba6 $19 29. Rd8+ (29. Qxc6 $2 Rf8 $19) 29... Rxd8 30. Qxd8+ Kf7 31. Qc7+ Be7 32. Qf4+ Qf6) 29. Qxc6 $18 Rb8 {White must now prevent ...Qe5.} 30. Rd8 $1 Qf6 31. Rxc8 Rb6 (31... Rxc8 {might work better.} 32. Qxc8 Qf5) 32. Qxe4 Rd6 (32... Ra6 $142 33. Qc2 Qf7) 33. Qf4 Qe7 34. Nd2 $2 ({White should play} 34. a4 $18) 34... Rxd2+ $1 $17 {[%mdl 64] Decoy} 35. Kxd2 {[%mdl 4096] Endgame KQR-KQB} Qd7+ {[%mdl 64] Double Attack} 36. Qd4 Qxc8 37. Qxa7 Qd8+ 38. Ke2 Qg5 ({Better is} 38... Bb4 $1 $17 39. g3 Qd2+ 40. Kf3 Qxh2) 39. Qa8 $15 Qh5+ 40. Kd3 $1 Qd1+ 41. Kc3 $1 Qc1+ 42. Kd3 h6 ({Black should try} 42... Qb1+ $17 43. Ke2 Qc2+ 44. Kf3 Qf5+ 45. Ke2 Qc2+ 46. Kf3 Qf5+ 47. Ke2 Qh5+ 48. Qf3 Qg6) 43. a4 Qb1+ 44. Kc3 $1 Qc1+ 45. Kd3 Qf1+ 46. Kc3 Qf6+ $1 47. Kc2 Qf2+ 48. Kc3 (48. Kd3 $15) 48... Qxe3+ $19 49. Kc2 Qe2+ 50. Kc3 Qe5+ 51. Kc2 Qf5+ $1 (51... Qxh2 52. a5 $11) 52. Kc3 e5 (52... Qf6+ $19 53. Kc2 Qf2+ 54. Kc3 Qg1) 53. Qd5+ $17 Kh8 $1 54. c5 Qf4 {aiming for ...e4.} 55. b4 (55. g3 $17 Qc1+ 56. Kd3) 55... e4 $1 $19 {Hoping for ...Qe3+.} 56. a5 e3 $2 (56... Qe3+ $19 57. Kc2 Qf2+ 58. Kd1 e3) 57. Qf3 $11 Qe5+ 58. Kd3 $1 Bxc5 59. bxc5 Qxc5 {KQ-KQ} 60. Qa8+ Kh7 61. a6 Qa3+ 62. Ke2 {Strongly threatening Qe4+.} Qc1 (62... Qa2+ $11 63. Kxe3 Qa3+ 64. Kd4 Qb2+ 65. Kd3 Qb5+ 66. Ke4 Qc4+ 67. Kf3 Qd3+ 68. Kf4 Qd2+ 69. Kf5 Qg5+ 70. Ke6 Qg6+ 71. Ke5 Qg5+ 72. Kd4 Qd2+ 73. Kc5 Qf2+ 74. Kc4 Qc2+ 75. Kb4 Qb2+ 76. Ka5 Qd2+ 77. Ka4 Qd4+ 78. Kb3 Qd3+ 79. Kb4 Qd4+ 80. Kb5 Qb2+ 81. Kc5 Qf2+ 82. Kd6 Qf6+ 83. Kd7 Qf5+ 84. Ke7 Qf6+ 85. Kd7 Qf5+ 86. Kd6 Qf4+ 87. Ke7 Qf6+ 88. Kd7) 63. Qe4+ $16 {[%mdl 64] Double Attack} Kh8 {[#]} 64. Qe8+ (64. Qxe3 $6 Qb2+ 65. Kf1 Qa1+ 66. Kf2 Qf6+ 67. Qf3 Qb6+ 68. Kf1 Qxa6+ 69. Ke1 Qe6+ 70. Kf2 Qb6+ 71. Qe3 Qf6+ 72. Kg1 Qa1+ 73. Kf2 Qf6+ 74. Qf3 Qh4+ 75. Qg3 Qf6+ 76. Ke2 Qa6+ 77. Qd3 Qc6 $11) (64. Qb4 $1 $16) 64... Kh7 $11 {...Qd2+ is the strong threat.} 65. Qe4+ (65. Qxe3 $11 Qb2+ 66. Qd2 Qe5+ 67. Kf2 Qf6+ {[%mdl 64] Double Attack} 68. Kg3 Qg6+ 69. Kh4 Qxa6 70. Qd5) 65... Kh8 $1 $16 {[#]} 66. a7 (66. Qxe3 $6 Qb2+ 67. Kf3 Qf6+ 68. Qf4 Qxa6 $11) (66. Qb4 $1 $16) 66... Qb2+ $1 $11 67. Kf3 Qf2+ $2 {[%mdl 8192]} (67... Qf6+ $11 68. Kg4 (68. Kxe3 Qc3+ 69. Ke2 Qb2+ 70. Kf3 Qf6+ 71. Kg4 Qg5+ 72. Kf3 Qf6+ 73. Qf4 Qc6+ 74. Kg4 Qxg2+ 75. Qg3 Qe4+ 76. Qf4 Qg2+ 77. Qg3 Qe4+ 78. Qf4 Qg2+ $11) 68... Qg5+ 69. Kf3 Qf6+ 70. Qf4 (70. Kxe3 Qb6+ 71. Kf4 Qxa7 $11) 70... Qc6+ 71. Kg4 (71. Kxe3 Qb6+ 72. Ke4 Qe6+ 73. Qe5 Qc4+ 74. Kf3 Qf7+ 75. Qf4 Qb7+ 76. Qe4 Qf7+ 77. Kg4 Qxa7 $11) (71. Qe4 Qf6+ $11) 71... Qxg2+ 72. Qg3 Qe4+ 73. Qf4 Qg2+ 74. Qg3 Qe4+ 75. Qf4 Qg2+) 68. Kg4 {White mates.} Qe2+ 69. Kg3 {[%cal Ra7a8]} Qf2+ 70. Kh3 {Accuracy: White = 53%, Black = 61%.} 1-0

[Event "Moscow Open RSSU Cup 2020"]
[Site "Moscow"]
[Date "2020.02.02"]
[Round "9.16"]
[White "Afonasieva, Anna"]
[Black "Yakimova, Mariya"]
[Result "0-1"]
[WhiteElo "2286"]
[BlackElo "2288"]
[Annotator "TA"]
[PlyCount "88"]
[EventDate "2020.01.25"]
[EventType "swiss"]
[EventCountry "RUS"]
[SourceTitle "playchess.com"]
[Source "ChessBase"]
[SourceQuality "1"]

{[%evp 14,118,11,-10,38,16,26,43,90,27,72,45,37,35,87,82,103,104,120,127,133,120,242,241,216,87,92,105,114,100,108,15,17,21,22,-55,-51,-90,-51,-60,-16,-20,-4,-54,-54,-61,-61,-58,-57,-61,-61,-70,-64,-86,-92,-99,-99,-196,-196,-453,-459,-703,-697,-643,-563,-681,-676,-618,-566,-767,-751,-953,-781,-1802,-1767,-1962,-1842,-1664,-1541,-4798,-2077,-29982,-2483,-29979,-2707,-29981,-6103,-6086,-5808,-29984,-29985,-29985,-29986,-29987,-29988,-29989,-29989,-29990,-29990,-29991,-29992,-29992,-29989,-29989,-29990,-29990,-29991]} 1. d4 Nf6 2. Bf4 g6 3. e3 Bg7 4. h3 d6 5. Nf3 O-O 6. Be2 c5 7. c3 Nc6 8. Nbd2 Bf5 {A48: 1 d4 Nf6 2 Nf3 g6: Torre, London and Colle Systems} 9. O-O {[#]} Qe8 $146 ({Predecessor:} 9... Qc8 10. Bh2 cxd4 11. exd4 Ne4 12. d5 Nb8 13. Nb3 g5 14. Nfd4 Bg6 15. Re1 Bf6 {1-0 (39) Ider,B (2463)-Eschbach,D (2412) Baden 2017}) 10. Bh2 Rd8 {[#]White is slightly better.} 11. Qb3 (11. d5 $1 $16 {[%mdl 512]}) 11... Bc8 12. a4 cxd4 13. cxd4 e5 (13... Be6 $14 14. Qa3 a5) 14. d5 $16 Ne7 15. e4 $36 {[%mdl 2048] White is on the roll.} Nh5 16. Rfc1 a6 17. Rc7 Kh8 (17... Rd7 $16 18. Rc3 f5) 18. Nc4 $18 {aiming for Qa3.} f5 19. Qa3 (19. Ng5 $1 $18) 19... fxe4 $16 {[#]} 20. Nfxe5 $1 {[%mdl 512]} Nxd5 (20... dxe5 21. Rxe7) 21. Nxd6 Rxd6 22. Rxc8 (22. Qxd6 $16 Nxc7 23. Qxc7) 22... Qxc8 $11 23. Qxd6 Nhf4 24. Bg4 ({White should try} 24. Bc4 $11 Qf5 25. Ng4) 24... Qc2 25. Bxf4 Nxf4 ({But not} 25... Qxb2 $2 26. Rf1 $18) 26. Rf1 $1 {Nd7 is the strong threat.} Nd3 (26... e3 {is interesting.} 27. g3 exf2+ 28. Kh2 Qe4 29. Rxf2 Qxe5 30. Qxe5 Bxe5 31. gxf4 Bxf4+ 32. Kg2 a5) 27. Nxd3 Qxd3 28. Qxd3 (28. Qe7 {feels hotter.} b5 29. axb5 Qxb5 30. Qxe4 a5 31. Rd1) 28... exd3 {[%mdl 4096] Endgame KRB-KRB} 29. Rd1 Rd8 30. Bf3 b6 31. Be2 d2 32. b3 a5 33. Kf1 Bc3 34. h4 Kg7 35. h5 (35. f4 $17) 35... g5 $19 36. g4 $2 (36. Bb5) 36... Re8 37. Rb1 (37. h6+ $142 Kg6 38. Rb1) 37... h6 38. Rd1 Kf6 39. f3 Re5 40. Kf2 Ke7 41. Rb1 Kd6 42. Kf1 Kc5 43. Kf2 Kb4 44. Bd1 Bd4+ {Played: Re5-e1} 0-1

[Event "Moscow Open RSSU Cup 2020"]
[Site "Moscow"]
[Date "2020.02.02"]
[Round "9.17"]
[White "Gritsayeva, Oksana"]
[Black "Golubenko, Valentina"]
[Result "1-0"]
[WhiteElo "2383"]
[BlackElo "2223"]
[Annotator "TA"]
[PlyCount "109"]
[EventDate "2020.01.25"]
[EventType "swiss"]
[EventCountry "RUS"]
[SourceTitle "playchess.com"]
[Source "ChessBase"]
[SourceQuality "1"]

{[%evp 13,109,-1,6,-1,0,0,-5,-7,-5,-5,0,-14,25,31,57,-10,-17,-17,-7,0,42,36,110,111,95,109,122,120,193,202,286,281,345,339,402,253,268,259,264,257,260,261,256,256,254,254,254,250,247,243,256,248,266,283,277,271,323,331,329,299,597,590,630,627,622,570,634,616,648,644,672,540,644,634,583,525,404,361,29969,29971,29979,29980,29980,29981,29981,29982,29982,29983,29989,29983,29983,29984,29984,29984,29984,29985,29985,29986]} 1. d4 Nf6 2. Nf3 e6 3. Bg5 d5 4. e3 Be7 5. Bd3 Nbd7 6. Nbd2 c5 7. c3 c4 8. Bc2 {D03: 1 d4 d5 2 Nf3 Nf6 3 Bg5, including Torre Attack with early ...d5.} b5 9. Ne5 Nxe5 10. dxe5 {The position is equal.} Nd7 11. Bxe7 Qxe7 12. Qg4 {[#]} Bb7 $146 ({Predecessor:} 12... f5 13. Qg3 O-O 14. a3 a5 15. Nf3 Nc5 16. Nd4 Bd7 17. O-O Rfb8 18. Qf3 Ra7 {½-½ (41) Jehnichen,G-Schmidt,J Baden 1997}) 13. Nf3 b4 14. Ba4 (14. Qxg7 $14 O-O-O 15. Bxh7) 14... O-O $11 15. Bxd7 {[#] Threatens to win with Ba4.} Qxd7 16. cxb4 Qb5 17. a3 c3 (17... Bc8 $14) 18. bxc3 $16 Ba6 {[%csl Ga6][%cal Rb5e2]} 19. Nd4 Qd3 20. Rc1 Rfc8 {[#]} (20... Bc4 $16) 21. Qe2 $1 $18 Rxc3 (21... Qxe2+ $142 22. Nxe2 f6) 22. Qxd3 Rxd3 23. b5 Bb7 24. Ra1 Rc8 25. Ke2 Rdc3 26. Kd2 R3c4 27. Rhc1 Kf8 28. g3 Ke7 29. Rxc4 dxc4 {[%mdl 4096] Endgame KRB-KRN} 30. Kc3 f6 31. exf6+ gxf6 32. Rd1 Rc7 33. Rd2 f5 34. a4 Kf6 35. Ne2 Bf3 36. Kb4 Bxe2 $2 (36... Kg5 37. a5 Kf6) 37. Rxe2 {KR-KR} Ke5 38. Rc2 Kd5 39. a5 e5 40. f4 exf4 41. gxf4 Rc8 42. Rc1 Rc7 43. Rc3 Re7 44. Rxc4 Rxe3 45. Rc5+ Ke6 $2 (45... Kd6 $18 46. Rxf5 Re4+ 47. Kc3 h6) 46. b6 {White mates.} axb6 47. axb6 {[%cal Ba5b6,Bb6b7][%mdl 32]} Re4+ 48. Kb5 Kd7 49. b7 Re8 50. Kb6 Rf8 51. Ka7 Kd6 52. Rc8 Rf7 53. Kb6 Rxb7+ 54. Kxb7 Kd5 55. Re8 {Accuracy: White = 91%, Black = 52%.} 1-0